000 00482nam a2200181Ia 4500
008 240925s9999 xx 000 0 und d
020 _a471298298
082 _a658.404 MER
100 _aMeredith ,Jack R.
245 0 _aProject Management: a management approach
250 _aNA
260 _aNew York:
_bJohn Wiley & Sons
_c,2000.
300 _axix,759p.
_bNA
_fOriginal
500 _aIncludes Index
600 _aEngineering Technology
650 _aManagement
942 _cBK
999 _c7994
_d7994